TV reklama drahšia

Mediálny trh má už k dispozícii ostré dáta z peoplemetrov. Ako a kedy sa zmení cena reklamy, dĺžka reklamných blokov a program Sledovanosť televízií. Najsledovanejší program televízií.

Guardado en:
Detalles Bibliográficos
Autor principal: Šimlovičová, Ivana
Formato: Capítulo de libro
Lenguaje:eslovaco
Materias:
Etiquetas: Agregar Etiqueta
Sin Etiquetas, Sea el primero en etiquetar este registro!

MARC

LEADER 00000naa$a2200000$$$4500
001 0022780
005 20231004064952.1
041 0 |a slo 
044 |a SK 
245 1 0 |a TV reklama drahšia  |c Ivana Šimlovičová 
520 |a Mediálny trh má už k dispozícii ostré dáta z peoplemetrov. Ako a kedy sa zmení cena reklamy, dĺžka reklamných blokov a program Sledovanosť televízií. Najsledovanejší program televízií. 
610 2 0 |a televízia 
610 2 0 |a reklama 
610 2 0 |a ceny 
610 2 0 |a prostriedky masovokomunikačné 
100 1 |a Šimlovičová, Ivana